[Event "DVM U10 2023"]
[Site "Magdeburg GER"]
[Date "2023.12.28"]
[Round "5"]
[White "Varazi, Maxime"]
[Black "Reuscher, Joel David"]
[Result "1-0"]
[Termination "normal"]
[Board "7.2"]
[WhiteElo "1127"]
[BlackElo "1010"]
[WhiteClock "00:50:31"]
[BlackClock "00:42:40"]
[WhiteTeam "TSG Oberschöneweide"]
[BlackTeam "Schachfüchse Kempen 1986"]
[PlyCount "51"]
[WhiteFideId "34618929"]
[EventCountry "GER"]
[EventRounds "7"]
[EventType "team-swiss"]
[EventDate "2023.12.27"]

1. e4 {[%clk 00:55:08]} {[%emt 00:00:01]} e5 {[%clk 00:52:55]} {[%emt
00:02:14]} 2. Nf3 {[%clk 00:55:04]} {[%emt 00:00:10]} Nc6 {[%clk 00:52:52]}
{[%emt 00:00:08]} 3. d4 {[%clk 00:54:45]} {[%emt 00:00:24]} exd4 {[%clk
00:52:50]} {[%emt 00:00:08]} 4. Bc4 {[%clk 00:54:46]} {[%emt 00:00:03]} Bb4+
{[%clk 00:52:47]} {[%emt 00:00:08]} 5. c3 {[%clk 00:54:48]} {[%emt 00:00:04]}
dxc3 {[%clk 00:52:47]} {[%emt 00:00:04]} 6. O-O {[%clk 00:54:48]} {[%emt
00:00:04]} Nf6 {[%clk 00:52:32]} {[%emt 00:00:21]} 7. e5 {[%clk 00:54:13]}
{[%emt 00:00:40]} d5 {[%clk 00:52:29]} {[%emt 00:00:07]} 8. exf6 {[%clk
00:53:38]} {[%emt 00:00:41]} dxc4 {[%clk 00:52:24]} {[%emt 00:00:10]} 9. fxg7
{[%clk 00:53:37]} {[%emt 00:00:06]} Rg8 {[%clk 00:52:21]} {[%emt 00:00:07]} 10.
Qe2+ {[%clk 00:52:58]} {[%emt 00:00:45]} Be6 {[%clk 00:51:40]} {[%emt
00:00:47]} 11. a3 {[%clk 00:52:31]} {[%emt 00:00:32]} Ba5 {[%clk 00:51:10]}
{[%emt 00:00:34]} 12. b4 {[%clk 00:52:29]} {[%emt 00:00:08]} Bb6 {[%clk
00:50:54]} {[%emt 00:00:20]} 13. Bg5 {[%clk 00:52:22]} {[%emt 00:00:10]} Qd6
{[%clk 00:49:01]} {[%emt 00:01:59]} 14. Nxc3 {[%clk 00:52:13]} {[%emt
00:00:15]} a6 {[%clk 00:48:32]} {[%emt 00:00:35]} 15. Ne4 {[%clk 00:52:07]}
{[%emt 00:00:09]} Qd3 {[%clk 00:47:24]} {[%emt 00:01:14]} 16. Nf6+ {[%clk
00:51:58]} {[%emt 00:00:14]} Ke7 {[%clk 00:47:04]} {[%emt 00:00:25]} 17. Nxg8+
{[%clk 00:51:48]} {[%emt 00:00:15]} Ke8 {[%clk 00:45:34]} {[%emt 00:01:56]} 18.
Nf6+ {[%clk 00:51:15]} {[%emt 00:00:27]} Ke7 {[%clk 00:45:14]} {[%emt
00:00:25]} 19. Qxd3 {[%clk 00:51:06]} {[%emt 00:00:14]} cxd3 {[%clk 00:45:10]}
{[%emt 00:00:08]} 20. g8=Q {[%clk 00:51:01]} {[%emt 00:00:11]} Rxg8 {[%clk
00:44:49]} {[%emt 00:00:26]} 21. Nxg8+ {[%clk 00:50:53]} {[%emt 00:00:13]} Kf8
{[%clk 00:44:47]} {[%emt 00:00:07]} 22. Nf6 {[%clk 00:50:50]} {[%emt 00:00:09]}
Bc4 {[%clk 00:44:09]} {[%emt 00:00:42]} 23. Rfe1 {[%clk 00:50:39]} {[%emt
00:00:15]} Kg7 {[%clk 00:43:41]} {[%emt 00:00:34]} 24. Re8 {[%clk 00:50:30]}
{[%emt 00:00:14]} Kg6 {[%clk 00:42:51]} {[%emt 00:00:54]} 25. Nh4+ {[%clk
00:50:31]} {[%emt 00:00:05]} Kg7 {[%clk 00:42:40]} {[%emt 00:00:17]} 26. Rg8#
{[%emt 00:00:06]} 1-0

[Event "DVM U10 2023"]
[Site "Magdeburg GER"]
[Date "2023.12.28"]
[Round "5"]
[White "Optendrenk, Frederik"]
[Black "Hantke, Florian"]
[Result "1-0"]
[Termination "normal"]
[Board "7.3"]
[WhiteElo "861"]
[BlackElo "1095"]
[WhiteClock "00:45:16"]
[BlackClock "00:47:00"]
[WhiteTeam "Schachfüchse Kempen 1986"]
[BlackTeam "TSG Oberschöneweide"]
[PlyCount "61"]
[BlackFideId "34638962"]
[EventCountry "GER"]
[EventRounds "7"]
[EventType "team-swiss"]
[EventDate "2023.12.27"]

1. e4 {[%clk 00:54:37]} {[%emt 00:00:32]} e5 {[%clk 00:54:53]} {[%emt
00:00:17]} 2. Nf3 {[%clk 00:54:38]} {[%emt 00:00:04]} Nc6 {[%emt 00:00:08]} 3.
Bc4 {[%clk 00:54:39]} {[%emt 00:00:03]} Bc5 {[%clk 00:54:45]} {[%emt 00:00:10]}
4. c3 {[%clk 00:54:41]} {[%emt 00:00:05]} Nf6 {[%clk 00:54:43]} {[%emt
00:00:06]} 5. d3 {[%clk 00:54:40]} {[%emt 00:00:05]} d6 {[%clk 00:54:42]}
{[%emt 00:00:06]} 6. O-O {[%clk 00:54:37]} {[%emt 00:00:09]} Bg4 {[%clk
00:54:42]} {[%emt 00:00:05]} 7. Bg5 {[%clk 00:54:35]} {[%emt 00:00:07]} h6
{[%clk 00:54:43]} {[%emt 00:00:04]} 8. Bh4 {[%clk 00:54:33]} {[%emt 00:00:06]}
g5 {[%clk 00:54:43]} {[%emt 00:00:06]} 9. Bg3 {[%clk 00:54:33]} {[%emt
00:00:06]} Qd7 {[%clk 00:54:21]} {[%emt 00:00:26]} 10. h3 {[%clk 00:54:29]}
{[%emt 00:00:09]} Bh5 {[%clk 00:54:22]} {[%emt 00:00:04]} 11. Nbd2 {[%clk
00:54:27]} {[%emt 00:00:07]} O-O-O {[%clk 00:54:03]} {[%emt 00:00:25]} 12. a4
{[%clk 00:54:20]} {[%emt 00:00:12]} Kb8 {[%clk 00:54:02]} {[%emt 00:00:06]} 13.
b4 {[%clk 00:54:16]} {[%emt 00:00:08]} Bxb4 {[%clk 00:53:54]} {[%emt 00:00:13]}
14. cxb4 {[%clk 00:54:10]} {[%emt 00:00:11]} Nxb4 {[%clk 00:53:56]} {[%emt
00:00:03]} 15. Qb3 {[%clk 00:53:58]} {[%emt 00:00:17]} Nc6 {[%clk 00:53:45]}
{[%emt 00:00:16]} 16. Bb5 {[%clk 00:53:47]} {[%emt 00:00:17]} g4 {[%clk
00:53:18]} {[%emt 00:00:31]} 17. hxg4 {[%clk 00:53:29]} {[%emt 00:00:23]} Bxg4
{[%clk 00:53:09]} {[%emt 00:00:15]} 18. Bh4 {[%clk 00:53:20]} {[%emt 00:00:12]}
Nh5 {[%clk 00:52:15]} {[%emt 00:01:00]} 19. Bxd8 {[%clk 00:53:12]} {[%emt
00:00:14]} Rxd8 {[%clk 00:52:15]} {[%emt 00:00:05]} 20. Bxc6 {[%clk 00:52:57]}
{[%emt 00:00:20]} Qxc6 {[%clk 00:52:10]} {[%emt 00:00:10]} 21. Rfc1 {[%clk
00:52:53]} {[%emt 00:00:08]} Qd7 {[%clk 00:52:01]} {[%emt 00:00:15]} 22. Rab1
{[%clk 00:52:24]} {[%emt 00:00:34]} b6 {[%clk 00:51:28]} {[%emt 00:00:37]} 23.
a5 {[%clk 00:52:22]} {[%emt 00:00:07]} Nf4 {[%clk 00:51:25]} {[%emt 00:00:08]}
24. axb6 {[%clk 00:52:18]} {[%emt 00:00:09]} cxb6 {[%clk 00:51:23]} {[%emt
00:00:07]} 25. Rc3 {[%clk 00:51:40]} {[%emt 00:00:43]} Ne2+ {[%clk 00:51:19]}
{[%emt 00:00:09]} 26. Kf1 {[%clk 00:51:16]} {[%emt 00:00:28]} Nxc3 {[%clk
00:51:20]} {[%emt 00:00:06]} 27. Qxc3 {[%clk 00:51:09]} {[%emt 00:00:11]} f5
{[%clk 00:50:54]} {[%emt 00:00:31]} 28. Qc4 {[%clk 00:50:24]} {[%emt 00:00:50]}
Rc8 {[%clk 00:48:34]} {[%emt 00:02:24]} 29. Qd5 {[%clk 00:50:15]} {[%emt
00:00:15]} Rc5 {[%clk 00:48:22]} {[%emt 00:00:18]} 30. Nxe5 {[%clk 00:45:31]}
{[%emt 00:04:48]} Qe7 {[%clk 00:47:00]} {[%emt 00:01:28]} 31. Nc6+ {[%clk
00:45:16]} {[%emt 00:00:20]} 1-0

[Event "DVM U10 2023"]
[Site "Magdeburg GER"]
[Date "2023.12.28"]
[Round "5"]
[White "Zussner, Tim"]
[Black "Luible, Sebastian"]
[Result "1-0"]
[Termination "normal"]
[Board "8.1"]
[WhiteElo "1275"]
[BlackElo "1128"]
[WhiteClock "00:22:45"]
[BlackClock "00:34:20"]
[WhiteTeam "SV Empor Berlin"]
[BlackTeam "SF Tegernheim"]
[PlyCount "57"]
[WhiteFideId "34642765"]
[EventCountry "GER"]
[EventRounds "7"]
[EventType "team-swiss"]
[EventDate "2023.12.27"]

1. d4 {[%clk 00:55:09]} {[%emt 00:00:01]} d5 {[%clk 00:55:05]} {[%emt
00:00:05]} 2. c4 {[%clk 00:55:10]} {[%emt 00:00:03]} e6 {[%clk 00:55:04]}
{[%emt 00:00:07]} 3. Nc3 {[%clk 00:55:13]} {[%emt 00:00:02]} Nf6 {[%clk
00:55:01]} {[%emt 00:00:08]} 4. Bg5 {[%clk 00:55:17]} {[%emt 00:00:01]} Nbd7
{[%clk 00:54:50]} {[%emt 00:00:16]} 5. e3 {[%clk 00:55:15]} {[%emt 00:00:07]}
c5 {[%clk 00:54:38]} {[%emt 00:00:17]} 6. Nf3 {[%clk 00:54:58]} {[%emt
00:00:22]} Be7 {[%clk 00:54:28]} {[%emt 00:00:15]} 7. Bd3 {[%clk 00:54:40]}
{[%emt 00:00:23]} O-O {[%clk 00:54:14]} {[%emt 00:00:17]} 8. O-O {[%clk
00:54:37]} {[%emt 00:00:10]} dxc4 {[%clk 00:53:52]} {[%emt 00:00:27]} 9. Bxc4
{[%clk 00:54:30]} {[%emt 00:00:12]} cxd4 {[%clk 00:53:23]} {[%emt 00:00:34]}
10. Nxd4 {[%clk 00:53:32]} {[%emt 00:01:03]} Nd5 {[%clk 00:52:43]} {[%emt
00:00:45]} 11. Bxe7 {[%clk 00:52:14]} {[%emt 00:01:22]} Nxe7 {[%clk 00:52:19]}
{[%emt 00:00:29]} 12. Bxe6 {[%clk 00:46:29]} {[%emt 00:05:51]} fxe6 {[%clk
00:51:27]} {[%emt 00:00:58]} 13. Nxe6 {[%clk 00:45:58]} {[%emt 00:00:36]} Qe8
{[%clk 00:51:21]} {[%emt 00:00:08]} 14. Nxf8 {[%clk 00:45:54]} {[%emt
00:00:11]} Qxf8 {[%clk 00:51:17]} {[%emt 00:00:09]} 15. Qa4 {[%clk 00:43:14]}
{[%emt 00:02:45]} Nb6 {[%clk 00:50:37]} {[%emt 00:00:45]} 16. Qe4 {[%clk
00:40:53]} {[%emt 00:02:25]} Nc6 {[%emt 00:00:38]} 17. Rad1 {[%clk 00:39:16]}
{[%emt 00:01:39]} Qf7 {[%clk 00:48:30]} {[%emt 00:01:42]} 18. Nd5 {[%clk
00:35:21]} {[%emt 00:04:01]} Nxd5 {[%emt 00:02:30]} 19. Qxd5 {[%clk 00:29:58]}
{[%emt 00:05:26]} Be6 {[%clk 00:45:13]} {[%emt 00:00:59]} 20. Qe4 {[%clk
00:28:41]} {[%emt 00:01:21]} Re8 {[%clk 00:44:48]} {[%emt 00:00:31]} 21. Qa4
{[%clk 00:27:21]} {[%emt 00:01:25]} Bxa2 {[%clk 00:43:57]} {[%emt 00:00:55]}
22. Rd2 {[%clk 00:26:45]} {[%emt 00:00:42]} Bc4 {[%clk 00:42:41]} {[%emt
00:01:21]} 23. Rc1 {[%clk 00:25:39]} {[%emt 00:01:11]} Ba6 {[%clk 00:40:52]}
{[%emt 00:01:54]} 24. Rxc6 {[%clk 00:23:57]} {[%emt 00:01:47]} Rxe3 {[%clk
00:38:36]} {[%emt 00:02:20]} 25. Rc8+ {[%clk 00:23:04]} {[%emt 00:00:58]} Qf8
{[%clk 00:35:05]} {[%emt 00:03:36]} 26. Qa2+ {[%clk 00:22:41]} {[%emt
00:00:29]} Bc4 {[%clk 00:34:31]} {[%emt 00:00:39]} 27. Qxc4+ {[%clk 00:22:41]}
{[%emt 00:00:04]} Re6 {[%clk 00:34:25]} {[%emt 00:00:11]} 28. Qxe6+ {[%clk
00:22:42]} Kh8 {[%clk 00:34:20]} {[%emt 00:00:14]} 29. Rxf8# {[%clk 00:22:45]}
1-0

[Event "DVM U10 2023"]
[Site "Magdeburg GER"]
[Date "2023.12.28"]
[Round "5"]
[White "Klaus, Simon"]
[Black "Bashirova, Sona"]
[Result "1-0"]
[Termination "normal"]
[Board "8.2"]
[WhiteElo "1044"]
[BlackElo "1317"]
[WhiteClock "00:04:59"]
[BlackClock "00:00:33"]
[WhiteTeam "SF Tegernheim"]
[BlackTeam "SV Empor Berlin"]
[PlyCount "165"]
[BlackFideId "34664033"]
[EventCountry "GER"]
[EventRounds "7"]
[EventType "team-swiss"]
[EventDate "2023.12.27"]

1. e4 {[%clk 00:55:09]} c6 {[%clk 00:55:03]} {[%emt 00:00:07]} 2. d4 {[%clk
00:55:10]} {[%emt 00:00:03]} d5 {[%clk 00:55:03]} {[%emt 00:00:06]} 3. exd5
{[%clk 00:54:41]} {[%emt 00:00:34]} cxd5 {[%clk 00:55:00]} {[%emt 00:00:08]} 4.
Nc3 {[%clk 00:54:42]} {[%emt 00:00:04]} Nf6 {[%clk 00:54:57]} {[%emt 00:00:08]}
5. Nf3 {[%clk 00:54:39]} {[%emt 00:00:08]} Bg4 {[%clk 00:54:38]} {[%emt
00:00:24]} 6. Bf4 {[%clk 00:53:41]} {[%emt 00:01:03]} Nc6 {[%clk 00:54:20]}
{[%emt 00:00:23]} 7. Bb5 {[%clk 00:53:29]} {[%emt 00:00:17]} e6 {[%clk
00:53:41]} {[%emt 00:00:43]} 8. h3 {[%clk 00:52:45]} {[%emt 00:00:49]} Bxf3
{[%clk 00:53:08]} {[%emt 00:00:39]} 9. Qxf3 {[%clk 00:52:27]} {[%emt 00:00:23]}
Bd6 {[%clk 00:50:32]} {[%emt 00:02:41]} 10. Bxc6+ {[%clk 00:51:34]} {[%emt
00:00:58]} bxc6 {[%clk 00:50:28]} {[%emt 00:00:08]} 11. O-O {[%clk 00:49:48]}
{[%emt 00:01:51]} O-O {[%clk 00:50:08]} {[%emt 00:00:25]} 12. Rfe1 {[%clk
00:48:52]} {[%emt 00:01:00]} Bxf4 {[%clk 00:48:18]} {[%emt 00:01:56]} 13. Qxf4
{[%clk 00:48:24]} {[%emt 00:00:34]} Qb6 {[%clk 00:46:58]} {[%emt 00:01:22]} 14.
Rab1 {[%clk 00:47:12]} {[%emt 00:01:20]} Rab8 {[%clk 00:46:28]} {[%emt
00:00:35]} 15. b3 {[%clk 00:46:09]} {[%emt 00:01:08]} Qb4 {[%clk 00:45:09]}
{[%emt 00:01:23]} 16. Ne2 {[%clk 00:43:59]} {[%emt 00:02:15]} c5 {[%clk
00:41:29]} {[%emt 00:03:46]} 17. Red1 {[%clk 00:41:33]} {[%emt 00:02:31]} Qb5
{[%clk 00:37:44]} {[%emt 00:03:50]} 18. Qe3 {[%clk 00:39:04]} {[%emt 00:02:34]}
Rfe8 {[%clk 00:35:48]} {[%emt 00:02:01]} 19. Nc3 {[%clk 00:37:29]} {[%emt
00:01:39]} Qc6 {[%clk 00:32:56]} {[%emt 00:02:55]} 20. Na4 {[%clk 00:36:48]}
{[%emt 00:00:49]} cxd4 {[%clk 00:30:29]} {[%emt 00:02:31]} 21. Qxd4 {[%clk
00:35:40]} {[%emt 00:01:14]} Qxc2 {[%clk 00:27:42]} {[%emt 00:02:51]} 22. Qd2
{[%clk 00:34:30]} {[%emt 00:01:16]} Qxd2 {[%clk 00:27:27]} {[%emt 00:00:20]}
23. Rxd2 {[%clk 00:34:27]} {[%emt 00:00:08]} Rbc8 {[%clk 00:26:38]} {[%emt
00:00:54]} 24. a3 {[%clk 00:33:59]} {[%emt 00:00:33]} Rc7 {[%clk 00:26:14]}
{[%emt 00:00:29]} 25. Rdb2 {[%clk 00:33:40]} {[%emt 00:00:24]} Rec8 {[%clk
00:25:50]} {[%emt 00:00:29]} 26. b4 {[%clk 00:32:35]} {[%emt 00:01:10]} Rc1+
{[%clk 00:25:07]} {[%emt 00:00:48]} 27. Rxc1 {[%clk 00:32:18]} {[%emt
00:00:22]} Rxc1+ {[%clk 00:25:06]} {[%emt 00:00:06]} 28. Kh2 {[%clk 00:32:17]}
{[%emt 00:00:05]} Ra1 {[%clk 00:24:53]} {[%emt 00:00:18]} 29. Rc2 {[%clk
00:32:03]} {[%emt 00:00:20]} h6 {[%clk 00:23:08]} {[%emt 00:01:50]} 30. Rc3
{[%clk 00:31:16]} {[%emt 00:00:52]} Ne4 {[%clk 00:22:51]} {[%emt 00:00:22]} 31.
Rf3 {[%clk 00:30:36]} {[%emt 00:00:43]} f6 {[%clk 00:21:21]} {[%emt 00:01:36]}
32. g3 {[%clk 00:25:52]} {[%emt 00:04:49]} e5 {[%clk 00:20:42]} {[%emt
00:00:45]} 33. Kg2 {[%clk 00:24:56]} {[%emt 00:01:01]} d4 {[%clk 00:20:34]}
{[%emt 00:00:13]} 34. Rb3 {[%clk 00:24:17]} {[%emt 00:00:43]} Kf7 {[%clk
00:20:03]} {[%emt 00:00:37]} 35. b5 {[%clk 00:22:40]} {[%emt 00:01:42]} Ke6
{[%clk 00:19:40]} {[%emt 00:00:28]} 36. Nb2 {[%clk 00:21:41]} {[%emt 00:01:04]}
Kd5 {[%clk 00:19:13]} {[%emt 00:00:32]} 37. a4 {[%clk 00:21:10]} {[%emt
00:00:36]} Nd2 {[%clk 00:17:01]} {[%emt 00:02:17]} 38. Rb4 {[%clk 00:20:38]}
{[%emt 00:00:37]} Rc1 {[%clk 00:16:08]} {[%emt 00:00:57]} 39. a5 {[%clk
00:20:12]} {[%emt 00:00:32]} Rc8 {[%clk 00:14:24]} {[%emt 00:01:49]} 40. b6
{[%clk 00:18:21]} {[%emt 00:01:55]} axb6 {[%clk 00:14:18]} {[%emt 00:00:12]}
41. axb6 {[%clk 00:18:11]} {[%emt 00:00:15]} Rb8 {[%clk 00:14:16]} {[%emt
00:00:08]} 42. Na4 {[%clk 00:16:44]} {[%emt 00:01:32]} Ne4 {[%clk 00:12:35]}
{[%emt 00:01:45]} 43. Kf3 {[%clk 00:15:11]} {[%emt 00:01:38]} Nd6 {[%clk
00:12:19]} {[%emt 00:00:21]} 44. Ke2 {[%clk 00:14:06]} {[%emt 00:01:10]} e4
{[%clk 00:11:07]} {[%emt 00:01:17]} 45. f3 {[%clk 00:12:57]} {[%emt 00:01:14]}
e3 {[%clk 00:10:20]} {[%emt 00:00:51]} 46. Kd3 {[%clk 00:12:19]} {[%emt
00:00:43]} Kc6 {[%clk 00:04:44]} {[%emt 00:05:42]} 47. Rxd4 {[%clk 00:12:00]}
{[%emt 00:00:25]} Re8 {[%clk 00:04:39]} {[%emt 00:00:08]} 48. Ke2 {[%clk
00:11:36]} {[%emt 00:00:29]} Nc8 {[%clk 00:03:22]} {[%emt 00:01:21]} 49. Rd3
{[%clk 00:10:59]} {[%emt 00:00:44]} Nxb6 {[%clk 00:01:37]} {[%emt 00:01:50]}
50. Nxb6 {[%clk 00:10:56]} {[%emt 00:00:07]} Kxb6 {[%clk 00:01:41]} {[%emt
00:00:02]} 51. Rxe3 {[%clk 00:10:51]} {[%emt 00:00:10]} Rg8 {[%clk 00:01:21]}
{[%emt 00:00:24]} 52. Rd3 {[%clk 00:10:44]} {[%emt 00:00:12]} Kc7 {[%clk
00:01:15]} {[%emt 00:00:12]} 53. Ke3 {[%clk 00:10:41]} {[%emt 00:00:07]} g6
{[%clk 00:01:03]} {[%emt 00:00:17]} 54. g4 {[%clk 00:10:30]} {[%emt 00:00:17]}
Rd8 {[%clk 00:00:08]} {[%emt 00:01:00]} 55. Rc3+ {[%clk 00:10:26]} {[%emt
00:00:09]} Kd7 {[%clk 00:00:11]} {[%emt 00:00:02]} 56. Rd3+ {[%clk 00:10:16]}
{[%emt 00:00:14]} Ke7 {[%clk 00:00:14]} {[%emt 00:00:03]} 57. Rxd8 {[%clk
00:09:48]} {[%emt 00:00:32]} Kxd8 {[%clk 00:00:18]} {[%emt 00:00:02]} 58. Ke4
{[%clk 00:09:45]} {[%emt 00:00:08]} Ke7 {[%clk 00:00:18]} {[%emt 00:00:06]} 59.
f4 {[%clk 00:09:40]} {[%emt 00:00:09]} Kf7 {[%clk 00:00:10]} {[%emt 00:00:13]}
60. h4 {[%clk 00:09:27]} {[%emt 00:00:18]} Ke7 {[%clk 00:00:10]} {[%emt
00:00:05]} 61. f5 {[%clk 00:09:16]} {[%emt 00:00:15]} gxf5+ {[%emt 00:00:16]}
62. Kxf5 {[%clk 00:09:05]} {[%emt 00:00:15]} Kf7 {[%clk 00:00:13]} {[%emt
00:00:02]} 63. h5 {[%clk 00:08:26]} {[%emt 00:00:43]} Kg7 {[%clk 00:00:16]}
{[%emt 00:00:03]} 64. Ke6 {[%clk 00:08:04]} {[%emt 00:00:27]} Kh7 {[%clk
00:00:13]} {[%emt 00:00:08]} 65. Kxf6 {[%clk 00:07:57]} {[%emt 00:00:10]} Kg8
{[%clk 00:00:06]} {[%emt 00:00:13]} 66. Kg6 {[%clk 00:07:50]} {[%emt 00:00:12]}
Kh8 {[%clk 00:00:10]} 67. Kxh6 {[%clk 00:07:45]} {[%emt 00:00:10]} Kg8 {[%clk
00:00:15]} 68. Kg6 {[%clk 00:07:29]} {[%emt 00:00:22]} Kh8 {[%clk 00:00:12]}
{[%emt 00:00:08]} 69. g5 {[%clk 00:07:25]} {[%emt 00:00:09]} Kg8 {[%clk
00:00:15]} {[%emt 00:00:01]} 70. h6 {[%clk 00:07:22]} {[%emt 00:00:09]} Kh8
{[%clk 00:00:15]} {[%emt 00:00:05]} 71. Kf6 {[%clk 00:07:14]} {[%emt 00:00:13]}
Kg8 {[%clk 00:00:13]} {[%emt 00:00:07]} 72. g6 {[%clk 00:07:06]} {[%emt
00:00:13]} Kh8 {[%clk 00:00:09]} {[%emt 00:00:09]} 73. g7+ {[%clk 00:06:34]}
{[%emt 00:00:36]} Kg8 {[%clk 00:00:10]} {[%emt 00:00:04]} 74. h7+ {[%clk
00:06:30]} {[%emt 00:00:09]} Kxh7 {[%clk 00:00:13]} {[%emt 00:00:02]} 75. Kf7
{[%clk 00:06:16]} {[%emt 00:00:20]} Kh6 {[%clk 00:00:16]} {[%emt 00:00:02]} 76.
g8=Q {[%clk 00:06:05]} {[%emt 00:00:15]} Kh5 {[%clk 00:00:18]} {[%emt
00:00:03]} 77. Qg6+ {[%clk 00:05:51]} {[%emt 00:00:19]} Kh4 {[%clk 00:00:22]}
{[%emt 00:00:02]} 78. Kf6 {[%clk 00:05:48]} {[%emt 00:00:08]} Kh3 {[%clk
00:00:25]} {[%emt 00:00:01]} 79. Qg5 {[%clk 00:05:39]} {[%emt 00:00:14]} Kh2
{[%clk 00:00:28]} {[%emt 00:00:02]} 80. Kf5 {[%clk 00:05:27]} {[%emt 00:00:17]}
Kh1 {[%clk 00:00:30]} {[%emt 00:00:03]} 81. Kf4 {[%clk 00:05:08]} {[%emt
00:00:24]} Kh2 {[%clk 00:00:34]} {[%emt 00:00:02]} 82. Kf3 {[%clk 00:04:57]}
{[%emt 00:00:16]} Kh1 {[%clk 00:00:33]} {[%emt 00:00:06]} 83. Qg2# {[%clk
00:04:59]} {[%emt 00:00:02]} 1-0

[Event "DVM U10 2023"]
[Site "Magdeburg GER"]
[Date "2023.12.28"]
[Round "5"]
[White "Brückner, Julian"]
[Black "Andersen, Jonathan"]
[Result "0-1"]
[Termination "normal"]
[Board "9.1"]
[WhiteElo "1592"]
[BlackElo "1488"]
[WhiteClock "00:16:28"]
[BlackClock "00:39:03"]
[WhiteTeam "SV Roter Turm Halle"]
[BlackTeam "SK Johanneum Eppendorf"]
[PlyCount "70"]
[WhiteFideId "34630031"]
[BlackFideId "34623884"]
[EventCountry "GER"]
[EventRounds "7"]
[EventType "team-swiss"]
[EventDate "2023.12.27"]

1. e4 {[%clk 00:55:11]} {[%emt 00:00:07]} e5 {[%clk 00:55:08]} {[%emt
00:00:04]} 2. Nf3 {[%clk 00:55:05]} {[%emt 00:00:10]} Nc6 {[%clk 00:55:09]}
{[%emt 00:00:05]} 3. Bc4 {[%clk 00:55:00]} {[%emt 00:00:09]} Be7 {[%clk
00:55:10]} {[%emt 00:00:04]} 4. d3 {[%clk 00:54:43]} {[%emt 00:00:22]} d6
{[%clk 00:54:56]} {[%emt 00:00:19]} 5. c3 {[%clk 00:54:36]} {[%emt 00:00:13]}
Nf6 {[%clk 00:54:51]} {[%emt 00:00:09]} 6. Bb3 {[%clk 00:54:22]} {[%emt
00:00:19]} O-O {[%clk 00:54:22]} {[%emt 00:00:35]} 7. O-O {[%clk 00:54:18]}
{[%emt 00:00:09]} h6 {[%clk 00:54:11]} {[%emt 00:00:16]} 8. Nbd2 {[%clk
00:53:12]} {[%emt 00:01:11]} Be6 {[%clk 00:53:26]} {[%emt 00:00:50]} 9. Re1
{[%clk 00:52:22]} {[%emt 00:00:54]} Na5 {[%clk 00:51:55]} {[%emt 00:01:36]} 10.
Bc2 {[%clk 00:51:37]} {[%emt 00:00:50]} c5 {[%clk 00:51:47]} {[%emt 00:00:13]}
11. Nf1 {[%clk 00:51:16]} {[%emt 00:00:26]} Nc6 {[%clk 00:51:33]} {[%emt
00:00:19]} 12. Ng3 {[%clk 00:50:54]} {[%emt 00:00:27]} Nh7 {[%clk 00:51:12]}
{[%emt 00:00:26]} 13. d4 {[%clk 00:49:49]} {[%emt 00:01:11]} cxd4 {[%clk
00:50:16]} {[%emt 00:01:00]} 14. cxd4 {[%clk 00:49:28]} {[%emt 00:00:25]} Bg4
{[%clk 00:49:43]} {[%emt 00:00:39]} 15. Be3 {[%clk 00:40:32]} {[%emt 00:09:01]}
Bxf3 {[%clk 00:49:30]} {[%emt 00:00:18]} 16. Qxf3 {[%clk 00:40:14]} {[%emt
00:00:24]} exd4 {[%clk 00:49:23]} {[%emt 00:00:11]} 17. Bd2 {[%clk 00:38:46]}
{[%emt 00:01:33]} Ng5 {[%clk 00:48:40]} {[%emt 00:00:49]} 18. Bxg5 {[%clk
00:37:45]} {[%emt 00:01:05]} Bxg5 {[%clk 00:48:25]} {[%emt 00:00:20]} 19. Rad1
{[%clk 00:35:32]} {[%emt 00:02:18]} Qf6 {[%clk 00:48:00]} {[%emt 00:00:29]} 20.
Qg4 {[%clk 00:31:54]} {[%emt 00:03:42]} Ne5 {[%clk 00:47:09]} {[%emt 00:00:58]}
21. Qf5 {[%clk 00:30:41]} {[%emt 00:01:18]} g6 {[%clk 00:46:25]} {[%emt
00:00:49]} 22. Qxf6 {[%clk 00:29:25]} {[%emt 00:01:20]} Bxf6 {[%clk 00:46:18]}
{[%emt 00:00:12]} 23. f4 {[%clk 00:29:11]} {[%emt 00:00:20]} Nc4 {[%clk
00:45:58]} {[%emt 00:00:26]} 24. b3 {[%clk 00:23:56]} {[%emt 00:05:20]} Ne3
{[%clk 00:45:54]} {[%emt 00:00:08]} 25. Rd2 {[%clk 00:23:38]} {[%emt 00:00:23]}
Rac8 {[%clk 00:45:28]} {[%emt 00:00:31]} 26. Bd3 {[%clk 00:23:05]} {[%emt
00:00:38]} Bd8 {[%clk 00:42:34]} {[%emt 00:02:59]} 27. Bb1 {[%clk 00:21:08]}
{[%emt 00:02:02]} Ba5 {[%clk 00:42:18]} {[%emt 00:00:21]} 28. Rde2 {[%clk
00:19:23]} {[%emt 00:01:49]} Bxe1 {[%clk 00:42:12]} {[%emt 00:00:12]} 29. Rxe1
{[%clk 00:19:18]} {[%emt 00:00:10]} Rc7 {[%clk 00:40:55]} {[%emt 00:01:23]} 30.
Ne2 {[%clk 00:19:06]} {[%emt 00:00:15]} Rfc8 {[%clk 00:40:50]} {[%emt
00:00:11]} 31. Bd3 {[%clk 00:18:20]} {[%emt 00:00:50]} Rc3 {[%clk 00:40:17]}
{[%emt 00:00:39]} 32. Bb5 {[%clk 00:17:57]} {[%emt 00:00:28]} Rc2 {[%clk
00:39:42]} {[%emt 00:00:40]} 33. a4 {[%clk 00:17:07]} {[%emt 00:00:55]} a6
{[%clk 00:39:18]} {[%emt 00:00:29]} 34. Bd7 {[%clk 00:16:58]} {[%emt 00:00:15]}
R8c7 {[%clk 00:39:14]} {[%emt 00:00:08]} 35. Bh3 {[%clk 00:16:28]} {[%emt
00:00:34]} d3 {[%clk 00:39:03]} {[%emt 00:00:17]} 0-1